000 00395nam a2200157Ia 4500
008 230917s9999||||xx |||||||||||||| ||und||
040 _e73361
_aMAIN
041 _aEnglish
082 _a330.1543 H711I
100 _aHolden, K
245 0 _aIntroductory Mathematics for economics and business
250 _a2nd ed.
260 _aLondon
_bMacmillan
_c1992
300 _axi, 511 p.
942 _cBK
999 _c89633
_d89633